000 00639nam a2200253Ia 4500
003 OSt
005 20221005074243.0
006 a|||||r|||| 00| 0
007 ta
008 221004b |||||||| |||| 00| 0 eng d
020 _a8187496134
024 _a186
037 _cTextual
040 _aCRL
_cCRL
_beng
041 _2eng
_aeng
082 _aV2,4N25, P0
100 _aNoorani A G
245 0 _aRSS and the BJP
_b Division of labour
260 _aNew Delhi
_bLeftWord India
_c2000
300 _a118p.
_ccm.
650 _aHISTORY
942 _hV2,4N25, P0
_cTEXL
_2cc
999 _c982391
_d982391